Pensamiento crítico latinoamericano : conceptos fundamentales /

Gespeichert in:
Bibliographische Detailangaben
1. Verfasser: Salas Astrain, Ricardo (coord.)
Format: Buch
Sprache:Spanisch
Veröffentlicht: Santiago, Chile : Universidad Católica Silva Henríquez, 2005, c2005
Schlagworte:
Tags: Tag hinzufügen
Keine Tags, Fügen Sie das erste Tag hinzu!

MARC

LEADER 00000nam^a2200000^a^4500
001 000185895
005 20250521000000.0
009 20260310102205.812
020 |a 956-7947-34-1 
020 |a 956-7947-31-7 
037 |a Acervo ITESO - Biblioteca 
041 |a ESP 
082 |a 199. 72  |b SAL V. 3 
100 |a Salas Astrain, Ricardo  |e (coord.) 
245 1 0 |a Pensamiento crítico latinoamericano :  |b conceptos fundamentales /  |c Coord. de R. Salas Astrain. 
264 4 |a Santiago, Chile :  |b Universidad Católica Silva Henríquez,  |c 2005, c2005 
300 |a p. 741-1044 
336 |a texto  |b txt  |2 rdacontenido 
337 |a sin mediación  |b n  |2 rdamedio 
338 |a volumen  |b nc  |2 rdasoporte 
649 |a XX 
650 |a Teoría Crítica -  |z Latinoamérica 
650 |a Racismo -  |z Latinoamérica 
650 |a Discriminación -  |z Latinoamérica 
650 |a Identidad Cultural -  |z Latinoamérica 
650 |a Diferencia y Otredad 
650 |a Control Social 
650 |a Solidaridad 
650 |a Nuevo Orden Mundial 
650 |a Postcolonialidad 
650 |a Modernidad y Posmodernidad 
650 |a Revolución 
650 |a Utopía 
650 |a Simbolismo 
650 |a Sujeto (Filosofía) 
650 |a Ontología 
650 |a Metafísica 
650 |a Positivismo 
650 |a Psicología -  |z Latinoamérica -  |x Teoría 
650 |a Comunicación -  |z Latinoamérica -  |x Teoría 
650 |a Sociología -  |z Latinoamérica -  |x Teoría 
650 |a Política -  |z Latinoamérica -  |x Teoría 
650 |a Filosofía Política 
650 |a Filosofía Latinoamericana 
910 |a Fondo General 
920 |a Impresos - Libros 
930 |a Colección General 
905 |a 101 
901 |a 0500127451  |b IT1  |c ACC  |u 20250521 
902 |a https://opac.biblio.iteso.mx/vufind/Record/000185895